Environmental factors and the BangsaMoro quest for self-determination /
Abstract in English and Arabic.
Saved in:
| Main Author: | |
|---|---|
| Format: | Thesis |
| Language: | English |
| Published: |
Gombak, Kuala Lumpur :
International Islamic University Malaysia,
2003
|
| Subjects: | |
| Online Access: | Click here to view 1st 24 pages of the thesis. Members can view fulltext at the specified PCs in the library. |
| Tags: |
Add Tag
No Tags, Be the first to tag this record!
|
| LEADER | 021920000a22003970004500 | ||
|---|---|---|---|
| 001 | 271257 | ||
| 005 | 20100222090400.0 | ||
| 008 | 031128s2003 my g b 000 0 eng d | ||
| 035 | |a (Sirsi) 271257 | ||
| 040 | |a UIAM |b eng | ||
| 041 | 0 | |a eng | |
| 043 | |a a-ph--- | ||
| 049 | |b m | ||
| 050 | 0 | 0 | |a DS688.M2 |
| 100 | 1 | |a Taya, Shamsuddin L | |
| 245 | 1 | 0 | |a Environmental factors and the BangsaMoro quest for self-determination / |c by Shamsuddin L. Taya |
| 260 | |a Gombak, Kuala Lumpur : |b International Islamic University Malaysia, |c 2003 | ||
| 300 | |a x, 104 leaves ; |c 30 cm. | ||
| 500 | |a "A thesis submitted in partial fulfilment of the requirement for the degree of Master of Human Sciences in Political Science"--On t.p. | ||
| 502 | |a Thesis (M. A.)--International Islamic University Malaysia, 2003. | ||
| 504 | |a Includes bibliographical references (leaves 78-80). | ||
| 520 | 0 | |a Abstract in English and Arabic. | |
| 596 | |a 1 | ||
| 650 | 0 | |a Muslims |x Politics and government |z Philippines Mindanao Island | |
| 650 | 0 | |a Muslims |x Social life and customs |z Philippines | |
| 651 | 0 | |a Mindanao Island (Philippines) |x History Autonomy and independence movements | |
| 655 | 0 | 7 | |a Theses, IIUM local |
| 690 | 0 | |a Dissertations, Academic |x Department of Political Sciences |z IIUM | |
| 710 | 2 | |a International Islamic University Malaysia. |b Department of Political Science | |
| 710 | 2 | |a International Islamic University Malaysia. |b Kulliyyah of Islamic Revealed Knowledge and Human Sciences | |
| 856 | 4 | |u http://studentrepo.iium.edu.my/handle/123456789/6436 |z Click here to view 1st 24 pages of the thesis. Members can view fulltext at the specified PCs in the library. | |
| 900 | |a bib-hj-sar-naw | ||
| 999 | |c 432357 |d 463484 | ||
| 952 | |0 0 |6 T DS 000688 M2T236E 2003 |7 0 |8 THESES |9 755957 |a IIUM |b IIUM |c MULTIMEDIA |g 0.00 |o t DS688M2T236E 2003 |p 00011274637 |r 2017-10-19 |t 2 |v 0.00 |y THESIS | ||
| 952 | |0 0 |6 LU T DS688M2T236E 2003 |7 0 |8 THESES |9 757828 |a IIUM |b IIUM |c CLOSEACCES |g 0.00 |o lu t DS688M2T236E 2003 |p 00000856015 |r 2017-10-25 |t 1 |v 0.00 |y THESIS | ||
| 952 | |0 0 |6 TS CDF DS688M2T236E 2003 |7 0 |8 THESES |9 812602 |a IIUM |b IIUM |c MULTIMEDIA |g 0.00 |o ts cdf DS688M2T236E 2003 |p 11100325760 |r 2017-10-26 |t 1 |v 0.00 |y THESISDIG | ||
